Fiškálna politika a zadlžovanie krajín v Európskej únii v kontexte ekonomického cyklu

Problém zadlžovania krajín EÚ a osobitne krajín eurozóny, ktorý je bezprostredne spojený s fiškálnou politikou, ako kľúčovým nástrojom stabilizačnej hospodárskej politiky pri zmierňovaní cyklických fluktuácií. Fiškálna politika a jej rámec v eurozóne. Dôsledky zlyhania fiškálnej politiky. Schopnosť...

Ausführliche Beschreibung

Gespeichert in:
Bibliographische Detailangaben
1. Verfasser: Martincová, Marta, 1955-
Format: Buchkapitel
Sprache:Slowakisch
Schlagworte:
Tags: Tag hinzufügen
Keine Tags, Fügen Sie das erste Tag hinzu!

MARC

LEADER 00000naa$a2200000$$$4500
001 0280697
005 20240502074346.6
041 0 |a slo 
044 |a SK 
245 1 0 |a Fiškálna politika a zadlžovanie krajín v Európskej únii v kontexte ekonomického cyklu  |c Marta Martincová 
520 |a Problém zadlžovania krajín EÚ a osobitne krajín eurozóny, ktorý je bezprostredne spojený s fiškálnou politikou, ako kľúčovým nástrojom stabilizačnej hospodárskej politiky pri zmierňovaní cyklických fluktuácií. Fiškálna politika a jej rámec v eurozóne. Dôsledky zlyhania fiškálnej politiky. Schopnosť fiškálnej politiky zmierňovať dopady krízy. 
610 2 0 |a politika fiškálna 
610 2 0 |a cykly hospodárske 
610 2 0 |a rozpočet štátny 
610 2 0 |a dlhy verejné 
610 2 0 |a koronakríza 
610 2 0 |a Európska únia 
100 1 |a Martincová, Marta, 1955-